International Business 9/e

Saved in:
Bibliographic Details
Main Author: Czinkota
Format: Book
Published: CUP
Tags: Add Tag
No Tags, Be the first to tag this record!

MARC

LEADER 00000nam a2200000Ia 4500
005 20260513122054.0
020 |a 9781108701440 
100 |a Czinkota 
365 |c £ 
365 |b 28.00 
942 |c BK 
245 |a International Business 9/e 
260 |b CUP 
999 |c 107  |d 107 
952 |0 0  |1 0  |4 0  |7 0  |a UNSW  |b UNSW  |d 2026-05-06  |g 49.00  |i 16687  |l 0  |p 000100  |r 2026-05-13 12:20:54  |v 49.00  |w 2026-05-13  |y BK 
952 |0 0  |1 0  |4 0  |7 0  |a UNSW  |b UNSW  |d 2026-05-06  |g 49.00  |i 16682  |l 0  |p 000143  |r 2026-05-13 12:20:54  |v 49.00  |w 2026-05-13  |y BK